Campoamor (Record no. 102988)

MARC details
000 -LEADER
campo de control de longitud fija 00724nam a2200205 i 4500
001 - NÚMERO DE CONTROL
campo de control 102988
003 - IDENTIFICADOR DE NÚMERO DE CONTROL
campo de control ES-MaACL
005 - FECHA Y HORA DE LA ÚLTIMA TRANSACCIÓN
campo de control 20231206063230.0
007 - CAMPO FIJO DE DESCRIPCIÓN FÍSICA--INFORMACIÓN GENERAL
campo de control de longitud fija t|
008 - DATOS DE LONGITUD FIJA--INFORMACIÓN GENERAL
campo de control de longitud fija 051223s1887 sp ||||1| spa d
080 ## - NÚMERO DE LA CLASIFICACIÓN DECIMAL UNIVERSAL
Número de la Clasificación Decimal Universal 821.134.2 Campoamor, Ramón de 1.06
100 1# - ENTRADA PRINCIPAL--NOMBRE DE PERSONA
Nombre de persona Verdes Montenegro, José,
Fechas asociadas al nombre 1866-1942
9 (RLIN) 114026
245 10 - MENCIÓN DEL TÍTULO
Título Campoamor
Resto del título : estudio literario /
Mención de responsabilidad, etc. José Verdes Montenegro.
260 ## - PUBLICACIÓN, DISTRIBUCIÓN, ETC.
Lugar de publicación, distribución, etc. Madrid :
Nombre del editor, distribuidor, etc. [s.n.],
Fecha de publicación, distribución, etc. 1887 (
Fabricante Tip. Sucs. de Rivadeneyra)
300 ## - DESCRIPCIÓN FÍSICA
Extensión 111 p. ;
Dimensiones 19 cm.
600 14 - PUNTO DE ACCESO ADICIONAL DE MATERIA--NOMBRE DE PERSONA
Nombre de persona Campoamor, Ramón de,
Fechas asociadas al nombre 1817-1901-
Subdivisión general Crítica e interpretación
9 (RLIN) 34234
852 ## - LOCALIZACIÓN
Ubicación ES-MaACL
Número de control de estantería F-9820
Sublocalización o colección R.136531
852 ## - LOCALIZACIÓN
Ubicación ES-MaACL
Número de control de estantería T-719-F-3
Nota libre .- Ded. autogr. del autor
Holdings
Estatus retirado Estado de pérdida Estado de daño No para préstamo Colección Biblioteca de origen Biblioteca actual Ubicación en estantería Fecha de adquisición Fuente de adquisición Total de préstamos Signatura topográfica completa Código de barras Visto por última vez Precio de reemplazo Tipo de ítem Koha
        Colección de folletos Biblioteca del Ateneo de Madrid Biblioteca del Ateneo de Madrid Depósito folletos 17/01/2008     T-719-F-3 1107536 23/02/2023 23/02/2023 Folleto
        Libros del s. XIX Biblioteca del Ateneo de Madrid Biblioteca del Ateneo de Madrid Sala Pecera Planta 2 17/01/2008     F-9820 1107535 23/02/2023 23/02/2023 Libro impreso antiguo